Dino-wrestling / Lisa Wheeler ; illustrated by ... Read More
Available copies
- 1 of 1 copy available at LARL/NWRL Consortium. (Show)
- 1 of 1 copy available at Lake Agassiz Regional Library.
Current holds
0 current holds with 1 total copy.
Show Only Available Copies
| Location | Call Number / Copy Notes | Barcode | Shelving Location | Status | Due Date |
|---|---|---|---|---|---|
| Frazee LINK Site | E W (Text) | 33500011590882 | Main | Available | - |
Record details
- ISBN: 9781467702126 (lib. bdg. : alk. paper)
- ISBN: 1467702129 (lib. bdg. : alk. paper)
- ISBN: 9781467716161 (e-book)
- ISBN: 1467716162 (e-book)
- Physical Description: 1 volume (unpaged) : color illustrations ; 24 x 28 ... Read More
- Publisher: Minneapolis : Carolrhoda Books, 2013
Content descriptions
| Summary, etc.: | Meat-eating and vegetarian dinosaurs compete at ... Read More |
Search for related items by subject
| Subject: | Dinosaurs > Juvenile fiction. Wrestling > Juvenile fiction. Stories in rhyme. Dinosaurs > Fiction. Wrestling > Fiction. |
| LDR | 01904cam a2200469 i 4500 | ||
|---|---|---|---|
| 001 | 156995 | ||
| 003 | LARL_NWRL_CONSORTIUM | ||
| 005 | 20130924110751.0 | ||
| 008 | 130111s2013 mnua b 000 1 eng | ||
| 010 | . | ‡a2012049251 | |
| 019 | . | ‡a828037768 | |
| 020 | . | ‡a9781467702126 (lib. bdg. : alk. paper) | |
| 020 | . | ‡a1467702129 (lib. bdg. : alk. paper) | |
| 020 | . | ‡a9781467716161 (e-book) | |
| 020 | . | ‡a1467716162 (e-book) | |
| 035 | . | ‡a(OCoLC)824119568 ‡z(OCoLC)828037768 | |
| 040 | . | ‡aDLC ‡beng ‡erda ‡cDLC ‡dOCLCO ‡dYDXCP ‡dBTCTA ‡dBDX ‡dJAG ‡dVP@ ‡dOCLCQ ‡dOCLCO | |
| 042 | . | ‡alcac ‡apcc | |
| 050 | 0 | 0. | ‡aPZ8.3.W5668 ‡bDk 2013 |
| 082 | 0 | 0. | ‡a[E] ‡223 |
| 100 | 1 | . | ‡aWheeler, Lisa, ‡d1963- ‡0(LARL_NWRL_CONSORTIUM)43975 |
| 245 | 1 | 0. | ‡aDino-wrestling / ‡cLisa Wheeler ; illustrated by Barry Gott. |
| 260 | . | ‡aMinneapolis : ‡bCarolrhoda Books, ‡c2013 | |
| 300 | . | ‡a1 volume (unpaged) : ‡bcolor illustrations ; ‡c24 x 28 cm | |
| 336 | . | ‡atext ‡btxt ‡2rdacontent | |
| 336 | . | ‡astill image ‡bsti ‡2rdacontent | |
| 337 | . | ‡aunmediated ‡bn ‡2rdamedia | |
| 338 | . | ‡avolume ‡bnc ‡2rdacarrier | |
| 520 | . | ‡aMeat-eating and vegetarian dinosaurs compete at the wrestling jamboree, demonstrating such styles as sumo, Greco-Roman, and lucha libre. | |
| 650 | 0. | ‡aDinosaurs ‡vJuvenile fiction. ‡0(LARL_NWRL_CONSORTIUM)164610 | |
| 650 | 0. | ‡aWrestling ‡vJuvenile fiction. | |
| 650 | 1. | ‡aStories in rhyme. ‡0(LARL_NWRL_CONSORTIUM)162453 | |
| 650 | 1. | ‡aDinosaurs ‡vFiction. ‡0(LARL_NWRL_CONSORTIUM)164606 | |
| 650 | 1. | ‡aWrestling ‡vFiction. | |
| 700 | 1 | . | ‡aGott, Barry, ‡eillustrator. ‡0(LARL_NWRL_CONSORTIUM)44160 |
| 948 | . | ‡hNO HOLDINGS IN LAL - 138 OTHER HOLDINGS | |
| 994 | . | ‡aZ0 ‡bLAL | |
| 901 | . | ‡a156995 ‡bOCLC ‡c156995 ‡tbiblio | |

Add to basket
Permalink
Disable Highlighting